| 000 | 00444nam a2200157 i 4500 | ||
|---|---|---|---|
| 001 | 41977 | ||
| 003 | ES-MaACL | ||
| 005 | 20231229063013.0 | ||
| 007 | t| | ||
| 008 | 030312s1916 sp ||||1| spa d | ||
| 100 | 1 |
_aCastán Tobeñas, José, _d1889-1969 _936392 |
|
| 245 | 1 | 3 |
_aLa sucesión ab intertato del hijo adoptivo / _cJosé Castán Tobeñas. |
| 260 |
_aMadrid : _b[s.n.], _c1916. |
||
| 852 |
_aES-MaACL _j1509-F-5 |
||
| 999 |
_c41977 _d41977 |
||